| 000 | 00705cam a2200217 a 4500 | ||
|---|---|---|---|
| 001 | 000010890 | ||
| 005 | 20200929162319.0 | ||
| 008 | 750808s1968 cu a 000 0 spa | ||
| 040 |
_aDO-SdBNP _bspa _cDLC _dBNPHU |
||
| 082 |
_a551.3 _bN889e |
||
| 100 | 1 |
_aNúñez Jiménez, Antonio, _d1923-1998. _912579 |
|
| 245 | 1 | 3 |
_aLa erosión desgasta a Cuba / _cAntonio Núñez Jiménez. |
| 260 |
_aLa Habana, (Cuba) : _bInstituto del Libro, _c1968. |
||
| 300 |
_a79 p. : _bil. ; _c19 cm. |
||
| 490 | 1 | _aCuadernos populares | |
| 650 | 4 |
_aErosión _zCuba _926255 |
|
| 650 | 4 |
_aConservación del suelo _zCuba _926256 |
|
| 830 | 4 |
_aCuadernos populares _926257 |
|
| 910 | _aCatalogación por copia / LC | ||
| 049 | _aBNGR | ||
| 999 |
_c10632 _d10632 |
||